Normal view
MARC view
Entry Personal Name
001 - CONTROL NUMBER
- control field: 14018
003 - CONTROL NUMBER IDENTIFIER
- control field: BD-RjUL
005 - DATE AND TIME OF LATEST TRANSACTION
- control field: 20241031105419.0
008 - FIXED-LENGTH DATA ELEMENTS
- fixed length control field: 241031|| aca||aabn | a|a d
040 ## - CATALOGING SOURCE
- Original cataloging agency: BD-RjUL
- Transcribing agency: BD-RjUL
100 ## - HEADING--PERSONAL NAME
- Personal name: রহমান, মো. আরিফুর
670 ## - SOURCE DATA FOUND
- Source citation: Work cat.: (BD-RjUL)84202: রহমান, মো. আরিফুর, ভাওয়াইয়া গানের বিবর্তন :, ২০২০